The great progression : (Record no. 4678)

MARC details
000 -LEADER
campo de control de longitud fija 01220cam a2200349 a 4500
001 - NÚMERO DE CONTROL
campo de control 129236
005 - FECHA Y HORA DE LA ÚLTIMA TRANSACCIÓN
campo de control 20230404125803.0
008 - DATOS DE LONGITUD FIJA--INFORMACIÓN GENERAL
campo de control de longitud fija 090513s2009 nyu 000 0 eng
035 ## - NÚMERO DE CONTROL DEL SISTEMA
Número de control de sistema 15736795
010 ## - NÚMERO DE CONTROL DE LA BIBLIOTECA DEL CONGRESO
Número de control de LC 2009016062
020 ## - NÚMERO INTERNACIONAL ESTÁNDAR DEL LIBRO
Número Internacional Estándar del Libro 9780451228819
040 ## - FUENTE DE CATALOGACIÓN
Centro catalogador/agencia de origen DLC
Centro/agencia transcriptor DLC
Centro/agencia modificador DLC
041 ## - CÓDIGO DE IDIOMA
Código de lengua del texto/banda sonora o título independiente Eng
043 ## - CÓDIGO DE ÁREA GEOGRÁFICA
Código de área geográfica n-us---
050 14 - SIGNATURA TOPOGRÁFICA DE LA BIBLIOTECA DEL CONGRESO
Número de clasificación 002 E 184
Número de ítem R621g 2009
082 00 - NÚMERO DE LA CLASIFICACIÓN DECIMAL DEWEY
Número de clasificación 973/.0468
100 1# - ENTRADA PRINCIPAL--NOMBRE DE PERSONA
Nombre de persona Rivera, Geraldo.
245 14 - MENCIÓN DEL TÍTULO
Título The great progression :
Resto del título how Hispanics will lead America to a new era of prosperity /
Mención de responsabilidad, etc. Geraldo Rivera.
260 ## - PUBLICACIÓN, DISTRIBUCIÓN, ETC.
Lugar de publicación, distribución, etc. New York :
Nombre del editor, distribuidor, etc. New American Library,
Fecha de publicación, distribución, etc. [2009]
300 ## - DESCRIPCIÓN FÍSICA
Extensión x, 258 p. ;
Dimensiones 24 cm.
500 ## - NOTA GENERAL
Nota general "A Celebra book."
650 #0 - PUNTO DE ACCESO ADICIONAL DE MATERIA--TÉRMINO DE MATERIA
Término de materia o nombre geográfico como elemento de entrada Hispanic Americans
Subdivisión general Economic conditions.
650 #0 - PUNTO DE ACCESO ADICIONAL DE MATERIA--TÉRMINO DE MATERIA
Término de materia o nombre geográfico como elemento de entrada Hispanic Americans
Subdivisión general Politics and government.
651 #0 - PUNTO DE ACCESO ADICIONAL DE MATERIA--NOMBRE GEOGRÁFICO
Nombre geográfico United States
Subdivisión general Economic conditions
Subdivisión cronológica 2001-2009.
651 #0 - PUNTO DE ACCESO ADICIONAL DE MATERIA--NOMBRE GEOGRÁFICO
Nombre geográfico United States
Subdivisión general Politics and government
Subdivisión cronológica 2001-2009.
650 #4 - PUNTO DE ACCESO ADICIONAL DE MATERIA--TÉRMINO DE MATERIA
Término de materia o nombre geográfico como elemento de entrada Hispanoamericanos
Subdivisión general Condiciones económicas
Subdivisión cronológica 2001-2009.
650 #4 - PUNTO DE ACCESO ADICIONAL DE MATERIA--TÉRMINO DE MATERIA
Término de materia o nombre geográfico como elemento de entrada Hispanoamericanos
Subdivisión general Política y gobierno
Subdivisión cronológica 2001-2009.
650 #4 - PUNTO DE ACCESO ADICIONAL DE MATERIA--TÉRMINO DE MATERIA
Término de materia o nombre geográfico como elemento de entrada Estados Unidos
Subdivisión general Condiciones económicas
Subdivisión cronológica 2001-2009.
650 #4 - PUNTO DE ACCESO ADICIONAL DE MATERIA--TÉRMINO DE MATERIA
Término de materia o nombre geográfico como elemento de entrada Estados Unidos
Subdivisión general Política y gobierno
Subdivisión cronológica 2001-2009.
942 ## - ELEMENTOS DE ENTRADA SECUNDARIOS (KOHA)
Fuente del sistema de clasificación o colocación Clasificación de Library of Congress
Tipo de ítem Koha
946 ## - PROCESAMIENTO DE INFORMACIÓN LOCAL (OCLC)
a dvf
Holdings
Estatus retirado Estado de pérdida Fuente del sistema de clasificación o colocación Estado de daño No para préstamo Colección Biblioteca de origen Biblioteca actual Ubicación en estantería Fecha de adquisición Serial enumeration / chronology Total checkouts Signatura topográfica completa Código de barras Visto por última vez Copia número Precio de reemplazo Tipo de ítem Koha
    Clasificación de Library of Congress     Recursos Regionales Biblioteca Juan Bosch Biblioteca Juan Bosch Recursos Regionales (2do. Piso) 04/04/2023 1   002 E 184 R621g 2009 00000123222 23/10/2018 1 23/10/2018